[Event "GER Cup Net Final-B U2000"]
[Site "Playchess.com INT"]
[Date "2020.06.06"]
[Round "3"]
[White "Grosse, Manfred"]
[Black "Rempe, Jonas"]
[Result "1-0"]
[WhiteElo "1766"]
[BlackElo "1711"]
[PlyCount "121"]
[EventDate "2020.06.06"]
[EventType "swiss (blitz)"]
[EventRounds "13"]
[EventCountry "GER"]
[SourceTitle "CBM 197 Extra"]
[Source "ChessBase"]
[SourceDate "2020.09.30"]
[SourceVersion "1"]
[SourceVersionDate "2020.09.30"]
[SourceQuality "1"]

1. e4 e5 2. d4 exd4 3. Qxd4 Nc6 4. Qe3 d6 5. Bd2 Nf6 6. Nc3 Be7 7. 0-0-0 0-0 8. f4 Ng4 9. Qg3 Bh4 10. Qf3 Nf2 11. g3 Nxd1 12. gxh4 Nxc3 13. Bxc3 Qxh4 14. Bb5 Bd7 15. Ne2 Rae8 16. Rg1 f6 17. Bc4+ Be6 18. Bxe6+ Rxe6 19. Ng3 g6 20. Nf5 Qxh2 21. Rh1 Qxh1+ 22. Qxh1 gxf5 23. exf5 Re7 24. Qh6 Ref7 25. a4 Ne7 26. Qh3 Nd5 27. Bd2 Nb6 28. b3 Rg7 29. Kb2 Nd7 30. Bc3 Nc5 31. Qf3 c6 32. Qd1 Ne4 33. Bb4 Rd8 34. Qd3 d5 35. Be1 Rg3 36. Bxg3 Nxg3 37. Qxg3+ Kf7 38. Qh4 Kg7 39. Qg4+ Kf7 40. Qh5+ Kg7 41. Qf3 Kf7 42. Qc3 Kg7 43. Qa5 Rd7 44. Qb4 Kf7 45. Qc5 b6 46. Qxc6 Re7 47. Qxd5+ Kg7 48. Kc3 Kf8 49. Qd6 Ke8 50. Qxf6 Rf7 51. Qe6+ Re7 52. Qg8+ Kd7 53. f6 Re8 54. f7 Rf8 55. Qxf8 Ke6 56. Qe8+ Kf5 57. Qe5+ Kg4 58. f8Q Kg3 59. Qfg7+ Kf2 60. Qd4+ Kf1 61. Qgg1+ 1-0

[Event "GER Cup Net Final-B U2000"]
[Site "Playchess.com INT"]
[Date "2020.06.06"]
[Round "5"]
[White "Grosse, Manfred"]
[Black "Schulz, Gerhard1111"]
[Result "1-0"]
[WhiteElo "1766"]
[BlackElo "1467"]
[PlyCount "71"]
[EventDate "2020.06.06"]
[EventType "swiss (blitz)"]
[EventRounds "13"]
[EventCountry "GER"]
[SourceTitle "CBM 197 Extra"]
[Source "ChessBase"]
[SourceDate "2020.09.30"]
[SourceVersion "1"]
[SourceVersionDate "2020.09.30"]
[SourceQuality "1"]

1. e4 e6 2. d4 d5 3. e5 c5 4. c3 Qb6 5. Nf3 Bd7 6. Be2 Bb5 7. 0-0 Bxe2 8. Qxe2 cxd4 9. cxd4 Nc6 10. Rd1 Nge7 11. g4 a6 12. Nc3 Qc7 13. Bg5 b5 14. Rac1 Qd7 15. Nb1 Rc8 16. Nbd2 Nf5 17. gxf5 exf5 18. Nb3 h6 19. Bd2 g5 20. Nc5 Qd8 21. Be1 f4 22. Qd3 g4 23. Nd2 Qh4 24. Qf5 Rd8 25. Qxf4 Be7 26. Qg3 Qh5 27. Ndb3 Bh4 28. Qd3 Bg5 29. Bd2 Bh4 30. Nb7 Rd7 31. Nd6+ Ke7 32. Rxc6 g3 33. Bb4 gxf2+ 34. Kh1 Rg8 35. Nf5+ Kd8 36. Ba5+ 1-0

[Event "GER Cup Net V3 U2000"]
[Site "Playchess.com INT"]
[Date "2020.05.27"]
[Round "4"]
[White "Grosse, Manfred"]
[Black "Radi, Guenter"]
[Result "1-0"]
[WhiteElo "1660"]
[BlackElo "1742"]
[PlyCount "89"]
[EventDate "2020.05.27"]
[EventType "swiss (blitz)"]
[EventRounds "9"]
[EventCountry "GER"]
[SourceTitle "EXT 2021"]
[Source "ChessBase"]
[SourceDate "2020.10.23"]
[SourceVersion "1"]
[SourceVersionDate "2020.10.23"]
[SourceQuality "1"]

1. d4 d5 2. c4 dxc4 3. Nc3 e6 4. e4 c5 5. d5 exd5 6. exd5 Nf6 7. Bxc4 a6 8. a4 Bd6 9. Nf3 Bg4 10. 0-0 0-0 11. Qd3 Nbd7 12. Bg5 Bxf3 13. Qxf3 Ne5 14. Qe2 Nxc4 15. Qxc4 h6 16. Bh4 g5 17. Bg3 Nh5 18. Bxd6 Qxd6 19. Ne4 Qf4 20. g3 Qg4 21. f3 Qd7 22. g4 Rae8 23. gxh5 Qf5 24. Rae1 g4 25. Ng3 Qg5 26. f4 Qf6 27. Rxe8 Rxe8 28. Qxc5 Qxb2 29. Qf2 Qb4 30. Qc2 Re3 31. Qc8+ Kh7 32. Qf5+ Kg7 33. Qxg4+ Kf8 34. Nf5 Qc5 35. Qg7+ Ke8 36. Nxe3 Qxe3+ 37. Rf2 Qe1+ 38. Kg2 Qe4+ 39. Kh3 Qe3+ 40. Qg3 Qc5 41. Re2+ Kd7 42. Qg4+ Kd8 43. Qf5 Qc3+ 44. Kh4 Qg7 45. Qe5 1-0

[Event "GER Cup Net V3 U2000"]
[Site "Playchess.com INT"]
[Date "2020.05.27"]
[Round "7"]
[White "Wagner, Rainer"]
[Black "Grosse, Manfred"]
[Result "0-1"]
[WhiteElo "1845"]
[BlackElo "1660"]
[PlyCount "114"]
[EventDate "2020.05.27"]
[EventType "swiss (blitz)"]
[EventRounds "9"]
[EventCountry "GER"]
[SourceTitle "EXT 2021"]
[Source "ChessBase"]
[SourceDate "2020.10.23"]
[SourceVersion "1"]
[SourceVersionDate "2020.10.23"]
[SourceQuality "1"]

1. d4 Nf6 2. c4 c5 3. d5 b5 4. cxb5 a6 5. bxa6 Bxa6 6. Nc3 d6 7. g3 Nbd7 8. Nf3 g6 9. Bg2 Bg7 10. Rb1 0-0 11. 0-0 Rb8 12. Qc2 Nb6 13. Rd1 Ng4 14. b3 Nd7 15. Bb2 Nge5 16. Nd2 Qb6 17. h3 Qa7 18. Nc4 Nxc4 19. bxc4 Bxc4 20. Rdc1 Qa6 21. Bf1 Nf6 22. e4 Bxf1 23. Rxf1 Nd7 24. a4 Qc4 25. Rfc1 Ne5 26. Nb5 Qd3 27. Bxe5 Qxc2 28. Rxc2 Bxe5 29. Ra2 Ra8 30. f4 Bg7 31. Rc1 Rfb8 32. Nc3 Ra5 33. Kg2 Rb3 34. Rac2 Bxc3 35. Rxc3 Rxc3 36. Rxc3 Rxa4 37. Kf3 h5 38. h4 Kg7 39. Ke3 Kf6 40. Kd3 Ra1 41. Ke3 Re1+ 42. Kf3 e6 43. dxe6 fxe6 44. Rd3 Ke7 45. Rd2 Kd7 46. Ra2 Kc6 47. Ra6+ Kc7 48. Ra7+ Kb6 49. Re7 c4 50. Rxe6 Kc5 51. Re8 c3 52. Rc8+ Kd4 53. f5 gxf5 54. exf5 Rf1+ 55. Ke2 Rxf5 56. Rc6 Re5+ 57. Kf3 d5 0-1

[Event "GER Cup Net V2 U2000"]
[Site "Playchess.com INT"]
[Date "2020.05.22"]
[Round "1"]
[White "Moewisch, Dave"]
[Black "Grosse, Manfred"]
[Result "1-0"]
[WhiteElo "1752"]
[BlackElo "1593"]
[PlyCount "83"]
[EventDate "2020.05.22"]
[EventType "swiss (blitz)"]
[EventRounds "9"]
[EventCountry "GER"]
[SourceTitle "EXT 2021"]
[Source "ChessBase"]
[SourceDate "2020.10.23"]
[SourceVersion "1"]
[SourceVersionDate "2020.10.23"]
[SourceQuality "1"]

1. e4 c5 2. Nf3 g6 3. d4 cxd4 4. Nxd4 Nf6 5. Nc3 d6 6. Be3 Bg7 7. f3 0-0 8. Bc4 Nc6 9. Qd2 Bd7 10. 0-0-0 Rc8 11. Bb3 Na5 12. Kb1 Nxb3 13. axb3 Re8 14. g4 a6 15. h4 h5 16. g5 Nh7 17. f4 Nf8 18. f5 b5 19. Rhf1 Qa5 20. Nd5 Qxd2 21. Rxd2 Bxd4 22. Bxd4 Bc6 23. Re2 e5 24. Nf6+ Kh8 25. Bc3 Red8 26. Nd5 Bxd5 27. exd5 Nd7 28. fxg6 fxg6 29. Rf7 Nc5 30. Bb4 Rf8 31. Ref2 Kg8 32. R7f6 Rxf6 33. Rxf6 Ne4 34. Rxg6+ Kf7 35. Re6 Ra8 36. Bxd6 a5 37. Bxe5 a4 38. bxa4 Rxa4 39. Bf6 Nd2+ 40. Kc1 Nc4 41. b3 Ra1+ 42. Bxa1 1-0

[Event "GER-ch Net Amateur Gr-B Final"]
[Site "Playchess.com INT"]
[Date "2020.04.18"]
[Round "3"]
[White "Grosse, Manfred"]
[Black "Schmukal, Jens"]
[Result "1-0"]
[WhiteElo "1659"]
[BlackElo "1758"]
[PlyCount "73"]
[EventDate "2020.04.18"]
[EventType "swiss (blitz)"]
[EventRounds "13"]
[EventCountry "GER"]
[SourceTitle "CBM 195 Extra"]
[Source "ChessBase"]
[SourceDate "2020.05.31"]
[SourceVersion "1"]
[SourceVersionDate "2020.05.31"]
[SourceQuality "1"]

1. e4 c5 2. Nf3 d6 3. Bb5+ Bd7 4. a4 Nf6 5. Qe2 e5 6. 0-0 a6 7. Bxd7+ Qxd7 8. c3 Nc6 9. h3 Be7 10. d3 0-0 11. Rd1 Qc7 12. Nbd2 Rfd8 13. Nf1 Rab8 14. Ne3 b5 15. axb5 axb5 16. Nf5 Bf8 17. Bg5 Be7 18. Nxe7+ Qxe7 19. Nh4 h6 20. Nf5 Qe6 21. Bh4 b4 22. Rdb1 Ne7 23. Ne3 Rb7 24. c4 Rdb8 25. b3 Nc6 26. Nc2 Nd4 27. Nxd4 exd4 28. Bxf6 Qxf6 29. Ra6 Rb6 30. Rba1 Qe7 31. Rxb6 Rxb6 32. Ra8+ Kh7 33. Qg4 Qg5 34. f4 Qf6 35. g3 Qe7 36. Qc8 Kg6 37. Qf5# 1-0

[Event "AUT-ch Vor3 Internet"]
[Site "Playchess.com INT"]
[Date "2020.04.17"]
[Round "8"]
[White "Grosse, Manfred"]
[Black "Ploeckinger, Paul"]
[Result "1-0"]
[WhiteElo "1860"]
[BlackElo "1334"]
[PlyCount "67"]
[EventDate "2020.04.17"]
[EventType "swiss (blitz)"]
[EventRounds "9"]
[EventCountry "AUT"]
[SourceTitle "CBM 195 Extra"]
[Source "ChessBase"]
[SourceDate "2020.05.31"]
[SourceVersion "1"]
[SourceVersionDate "2020.05.31"]
[SourceQuality "1"]

1. e4 Nc6 2. d4 d5 3. e5 f6 4. f4 Bf5 5. Nf3 fxe5 6. fxe5 e6 7. Bb5 Nge7 8. 0-0 a6 9. Ba4 b5 10. Bb3 Na5 11. c3 Nxb3 12. axb3 Ng6 13. Na3 c5 14. Nc2 cxd4 15. Ncxd4 Bc5 16. Be3 Qc8 17. Nxf5 exf5 18. Bxc5 Qxc5+ 19. Nd4 0-0 20. Qe2 b4 21. Rac1 Rae8 22. Qxa6 Nxe5 23. Kh1 bxc3 24. bxc3 Nd7 25. Ne6 Qb6 26. Qxb6 Nxb6 27. Nxf8 Rxf8 28. Rcd1 g6 29. Rfe1 Kf7 30. Kg1 Kf6 31. Kf2 Rc8 32. Rd3 Kg5 33. Re6 Nd7 34. Rd6 1-0

[Event "AUT-ch Vor3 Internet"]
[Site "Playchess.com INT"]
[Date "2020.04.17"]
[Round "4"]
[White "Kainz, Josef"]
[Black "Grosse, Manfred"]
[Result "1-0"]
[WhiteElo "2005"]
[BlackElo "1860"]
[PlyCount "93"]
[EventDate "2020.04.17"]
[EventType "swiss (blitz)"]
[EventRounds "9"]
[EventCountry "AUT"]
[SourceTitle "CBM 195 Extra"]
[Source "ChessBase"]
[SourceDate "2020.05.31"]
[SourceVersion "1"]
[SourceVersionDate "2020.05.31"]
[SourceQuality "1"]

1. d4 Nf6 2. c4 c5 3. d5 b5 4. cxb5 a6 5. bxa6 Bxa6 6. Nc3 d6 7. Nf3 g6 8. e4 Bxf1 9. Kxf1 Bg7 10. g3 0-0 11. Kg2 Nbd7 12. a4 Ng4 13. Qe2 Nge5 14. Nd2 Nf6 15. f4 Ned7 16. Nb5 Qb8 17. Nc4 Nb6 18. Nxb6 Qxb6 19. Bd2 Rfb8 20. Bc3 Ne8 21. Bxg7 Nxg7 22. Rhf1 Qa5 23. f5 Qb4 24. f6 exf6 25. Rxf6 Rxa4 26. Rxa4 Qxa4 27. Nxd6 Qa2 28. Rf2 Rf8 29. Qc4 Qb1 30. Qxc5 h5 31. h4 Qe1 32. Qd4 Ne8 33. Nxe8 Rxe8 34. Rf4 Rc8 35. Qf2 Qc1 36. Qd4 Rc4 37. Qd3 Qxb2+ 38. Rf2 Qb4 39. e5 Rd4 40. Qe3 Rxd5 41. e6 Rd8 42. exf7+ Kh7 43. f8Q Qb7+ 44. Kh2 Rxf8 45. Rxf8 Qb2+ 46. Rf2 Qb7 47. Qf4 1-0

[Event "GER-ch Net Amateur Gr-B Vor3"]
[Site "Playchess.com INT"]
[Date "2020.04.16"]
[Round "1"]
[White "Grosse, Manfred"]
[Black "Ertelt, Pornchai"]
[Result "1-0"]
[WhiteElo "1677"]
[BlackElo "1465"]
[PlyCount "55"]
[EventDate "2020.04.16"]
[EventType "swiss (blitz)"]
[EventRounds "9"]
[EventCountry "GER"]
[SourceTitle "CBM 195 Extra"]
[Source "ChessBase"]
[SourceDate "2020.05.31"]
[SourceVersion "1"]
[SourceVersionDate "2020.05.31"]
[SourceQuality "1"]

1. e4 c5 2. Nf3 d6 3. Bb5+ Bd7 4. a4 Nc6 5. 0-0 e6 6. Re1 e5 7. c3 Nf6 8. d4 cxd4 9. cxd4 exd4 10. Nxd4 Be7 11. Nc3 0-0 12. Nf5 Bxf5 13. exf5 Re8 14. Bf4 a6 15. Bc4 Rc8 16. Nd5 Nxd5 17. Bxd5 Bf6 18. Rxe8+ Qxe8 19. Qd2 Rd8 20. Re1 Qd7 21. g4 Be5 22. Bxc6 Qxc6 23. Bxe5 Qxa4 24. Qd4 Qa5 25. Rd1 Qb5 26. Bxg7 Qe2 27. Bh6 Re8 28. Qg7# 1-0

[Event "GER-ch Net Amateur Gr-B Vor3"]
[Site "Playchess.com INT"]
[Date "2020.04.16"]
[Round "5"]
[White "Radi, Guenter"]
[Black "Grosse, Manfred"]
[Result "1-0"]
[WhiteElo "1512"]
[BlackElo "1698"]
[PlyCount "47"]
[EventDate "2020.04.16"]
[EventType "swiss (blitz)"]
[EventRounds "9"]
[EventCountry "GER"]
[SourceTitle "CBM 195 Extra"]
[Source "ChessBase"]
[SourceDate "2020.05.31"]
[SourceVersion "1"]
[SourceVersionDate "2020.05.31"]
[SourceQuality "1"]

1. d4 Nf6 2. Nf3 c5 3. dxc5 Nc6 4. e3 g6 5. Nc3 Bg7 6. Bd2 0-0 7. a3 a5 8. Bb5 Na7 9. Be2 Qc7 10. b4 d5 11. 0-0 e5 12. Rb1 axb4 13. axb4 Nc6 14. Nb5 Qd8 15. Nd6 e4 16. Nd4 Nxd4 17. exd4 Nd7 18. c3 f5 19. Qb3 Nf6 20. Ra1 Qc7 21. Rxa8 b6 22. Rxc8 Rxc8 23. Nxc8 Qxc8 24. Ra1 1-0